Southville International School and Colleges
Your cart is empty.
  • Cart
  • Lists
    Public lists Eva Luna New books Lux_list list_1
    Your lists Log in to create your own lists
  • Log in to your account
  • Your cookies
  • Search history
Southville International School and Colleges
  • Advanced search
  • Recent comments
  • Most popular
  • Libraries

Log in to your account

Log in with GOOGLE


If you do not have an external account, but do have a local account, you can still log in:

  1. Home
  2. MARC view: The Pelican brief /
Normal view MARC view ISBD view

The Pelican brief / (Record no. 20393)

[ view plain ]
MARC details
000 -LEADER
fixed length control field 00451nam a2200181 a 4500
003 - CONTROL NUMBER IDENTIFIER
control field PILC
005 - DATE AND TIME OF LATEST TRANSACTION
control field 20150903133100.0
008 - FIXED-LENGTH DATA ELEMENTS--GENERAL INFORMATION
fixed length control field 040113s19uu xx 00 eng d
020 ## - INTERNATIONAL STANDARD BOOK NUMBER
International Standard Book Number 0099993805
050 ## - LIBRARY OF CONGRESS CALL NUMBER
Classification number PS 3557
Item number .G869 1994
100 ## - MAIN ENTRY--PERSONAL NAME
Personal name Grisham, John
245 ## - TITLE STATEMENT
Title The Pelican brief /
Statement of responsibility, etc John Grisham.
260 ## - PUBLICATION, DISTRIBUTION, ETC. (IMPRINT)
Place of publication, distribution, etc London :
Name of publisher, distributor, etc Arrow Books,
Date of publication, distribution, etc 1994.
300 ## - PHYSICAL DESCRIPTION
Extent 436 pages ;
Dimensions 18 cm.
650 ## - SUBJECT ADDED ENTRY--TOPICAL TERM
Topical term or geographic name as entry element Fiction
942 ## - ADDED ENTRY ELEMENTS (KOHA)
Koha item type Books
Source of classification or shelving scheme Library of Congress Classification
Holdings
Withdrawn status Lost status Source of classification or shelving scheme Damaged status Home library Current library Shelving location Date acquired Total Checkouts Full call number Barcode Date last seen Copy number Price effective from Koha item type Source of acquisition Sub Shelving location
    Library of Congress Classification   College Library College Library Fiction Section 10/14/2010   PS 3557 .G869 1994 C4304 05/08/2018 1 10/10/2013 Books    
    Library of Congress Classification   College Library College Library Fiction Section 09/03/2015   PS 3557 .G869 1994 C19901 05/08/2018   09/03/2015 Books Donation  

The Pelican brief /

APA

Grisham J., . (1994). The Pelican brief. London: Arrow Books.

Chicago

Grisham John, . 1994. The Pelican brief. London: Arrow Books.

Harvard

Grisham J., . (1994). The Pelican brief. London: Arrow Books.

MLA

Grisham John, . The Pelican brief. London: Arrow Books. 1994.

  • Place hold
  • Print
  • Cite
  • Add to your cart (remove)
  • Save record
    BIBTEX Dublin Core MARCXML MARC (non-Unicode/MARC-8) MARC (Unicode/UTF-8) MARC (Unicode/UTF-8, Standard) MODS (XML) RIS
  • More searches
    Search for this title in:
    Other Libraries (WorldCat) Other Databases (Google Scholar) Online Stores (Bookfinder.com) Open Library (openlibrary.org)

Exporting to Dublin Core...

SOUTHVILLE LIBRARY

Southville International School and Colleges Library

1281 Tropical Ave. Cor. Luxembourg St., BF Homes International, Las Pinas City

Tel. No. 8256374 / 252358 Loc. 117/146

Powered by Koha